00857nam a2200217 a 450000100100000000500170001000800410002702000150006804000250008308200150010810000430012324501450016626000470031130000360035849000210039450000730041550000700048850400310055870000270058983000230061600004392020201002045038.0140508s1996 sp ac 000 0 spa d a8487169848 aDO-SdBNPbspacBNPHU axxxxbxxxx1 aSánchez Noriega, José Luis,d1957-10aDesde que los Lumiére filmaron a los obreros :bel mundo del trabajo en el cine /cJosé Luis Sánchez Noriega ; prólogo Antonio Lara. aMóstoles, Madrid :bNossa y Jara,c1996. a400 p. :bil., retrs. ;c21 cm.1 aMadre tierrav12 aIncluye referencias bibliográficas y notas al pie de las páginas aIncluye datos biográficos del autor en la solapa de la cubierta aBibliografía: p. 394-39612aLara, Antonioepról. 0aMadre tierra ;n12